|
|
|
|
| LEADER |
00000nam a2200000 a 4500 |
| 001 |
vtls008389415 |
| 003 |
SK-MaSNL |
| 005 |
20260302041716.0 |
| 008 |
251124s1931 xo cze |
| 015 |
|
|
|a SKSNBA19191938-001464
|
| 035 |
|
|
|a SK01SNKBIKKM20010081632
|
| 035 |
|
|
|a SKM000084095
|
| 040 |
|
|
|a SNK
|b slo
|c SNK
|e AACR2
|
| 041 |
1 |
|
|a cze
|
| 044 |
|
|
|a xo
|
| 080 |
|
|
|a 808
|2 1981
|
| 080 |
|
|
|a 373
|2 1981
|
| 100 |
1 |
|
|a Pantůček, Miloslav,
|d narodený 1897
|4 aut
|9 263800
|
| 245 |
1 |
0 |
|a Uvedení do metodiky československého jazyka na středních školách
|c Miloslav Pantůček
|
| 260 |
|
|
|a Trnava
|b n. vl.
|c 1931
|e Trnava
|f Fr. Urbánek
|
| 300 |
|
|
|a 100, [1] s.
|c 8°
|
| 650 |
0 |
7 |
|a jazykoveda
|x príručky metodické
|2 SNK
|9 693597
|
| 650 |
0 |
7 |
|a školy stredné
|x jazykoveda
|x príručky metodické
|2 SNK
|9 693598
|
| 655 |
|
7 |
|a príručky
|2 SNKPH
|9 74364
|
| 655 |
|
7 |
|a učebnice
|2 SNKPH
|9 22521
|
| 852 |
|
|
|a Slovenská národná knižnica v Martine
|b 10000
|h MS SD 2795
|
| 852 |
|
|
|a Univerzitná knižnica v Bratislave
|b 300000
|h 19 F 3932
|
| 852 |
|
|
|a Slovenská pedagogická knižnica Bratislava
|b 700000
|h 13782
|
| 852 |
|
|
|a Slovenská pedagogická knižnica Bratislava
|b 700000
|h 24644
|
| 958 |
|
|
|a OND
|
| 958 |
|
|
|a RK
|
| 958 |
|
|
|a TL
|
| 999 |
|
|
|c 1079913
|d 1081843
|
| 952 |
|
|
|a SNK
|b SNK
|y VYP
|7 0
|p 17A0515154
|o snkSD 2795 D1
|i snkK 794/80
|0 0
|1 0
|4 0
|d 2006-08-08
|l 0
|r 2026-02-24 16:22:32
|w 2026-02-24
|